[Event "Kesan op 16th"]
[Site "Kesan"]
[Date "2018.08.13"]
[Round "2"]
[White "Kamer, Kayra"]
[Black "Alpin, Ege"]
[Result "1-0"]
[WhiteElo "2208"]
[BlackElo "1704"]
[PlyCount "55"]
[EventDate "2018.08.12"]
[EventType "swiss"]
[EventRounds "9"]
[EventCountry "TUR"]
[SourceTitle "CBM 186 Extra"]
[Source "ChessBase"]
[SourceDate "2018.08.24"]
[SourceVersion "1"]
[SourceVersionDate "2018.08.24"]
[SourceQuality "1"]

1. Nf3 Nf6 2. g3 g6 3. b3 d6 4. Bb2 Bg7 5. Bg2 0-0 6. d4 c5 7. 0-0 cxd4 8. Nxd4 a6 9. c4 Qc7 10. Nc3 Nc6 11. Rc1 Nxd4 12. Qxd4 Be6 13. Rfd1 Rac8 14. Na4 Bd7 15. c5 Nh5 16. Qd2 Bxa4 17. Bxg7 Nxg7 18. cxd6 Qxd6 19. Qxd6 exd6 20. bxa4 b5 21. Rxc8 Rxc8 22. Rxd6 Ne6 23. Bd5 bxa4 24. Bxe6 fxe6 25. Rxa6 Rc4 26. Rxe6 Rc2 27. a3 Rc3 28. Re3 1-0